000 01688nam a2200361 a 4500
001 BRCA_5191
005 20190320204958.0
008 251110s1715----mx-######v---#000-0#spa-#
041 _aspa
044 _amx
084 _aDOC118
_b.P37
_c1715
100 1 _aParra, Pedro Hipólito de la
_913286
245 1 0 _aDocumento que habla sobre la venta de una mulata con dos hijos y otros dos mulatos como esclavos
_cPedro Hipólito de la Parra ... [et al].
260 _aMéxico
_c1715
300 _a[17] fojas
_c30 x 21 cm.
500 _aDocumento en el cuál se concede licencia ante notario público al Lic. Pedro Hipólito de la Parra al Santuario de Nuestra Señora de San Juan para la venta de una mulata llamada María con dos hijos y otros dos mulatos más llamados Francisco y José por no ser ya de utilidad.
500 _aEl documento contiene la leyenda DOC. #282.
500 _aPapel con marca de agua.
500 _aEstado de conservación: contiene manchas de acidez y margenes maltratados.
506 0 _aFondo Reservado. Para su consulta es necesario credencial de usuario y carta de motivos.
546 _aTexto en: español de principios del siglo XVIII
600 1 4 _aParra, Pedro Hipólito de la
_xHistoria
_913287
650 1 4 _aDocumentos legales
_vManuscritos
_xHistoria
_912814
651 4 _aMéxico
_xHistoria
_yColonia, 1521-1821
_912461
700 1 _aVidal Picazo, Manuel
_913288
700 1 _aGonzaléz de Arreola, Diego
_913289
700 1 _aEspinoza de los Monteros, Salvador
_913290
700 1 _aVillanueva, José Antonio
_913291
700 1 _aMimbela, Manuel de
_913292
700 1 _aCovarrubias, Francisco
_913293
902 _aFDH
942 _2lcc
_cD
999 _c4885
_d4885